00433nam a2200133Ia 450000500170000000800410001702000150005808200130007310000150008624500870010126000360018830000130022450000620023720250130040012.0240331s9999 xx 000 0 und d a8185107122 bWEWa954 aLalita, K. 0aWe were making history :blife stories of women in the Telangana People's Struggle aNew DelhibKali For Womenc1989 a290 p ., aLife Stories of women in the Telangana People's Struggle.